| 000 | 01132nam a22002057a 4500 | ||
|---|---|---|---|
| 999 |
_c62413 _d62413 |
||
| 003 | Ge_BSU | ||
| 005 | 20241024100015.0 | ||
| 008 | 241024b xxu||||| |||| 00| 0 geo d | ||
| 041 | _ageo | ||
| 080 | _a615(075.8) პ-73 | ||
| 245 |
_aპრაქტიკული ფარმაკოთერაპია : _b[დამხმ. სახელმძღვ. სამედ. ინ-ტის სტუდენტებისათვის] / _cშემდგ.: მ. აბაშიძე და სხვა; ვ. ალადაშვილისა და მ. კანდელაკის რედ. |
||
| 264 |
_aთბ. : _bგანათლება, _c1982. |
||
| 300 |
_a400 გვ. ; _b22 სმ. |
||
| 653 | _aპრაქტიკული ფარმაკოთერაპია | ||
| 653 | _aმედიცინა | ||
| 700 |
_aაბაშიძე, მ. _eშემდგენელი _923513 |
||
| 700 |
_aალადაშვილი, ვ. _eრედაქტორი _97956 |
||
| 700 |
_aკანდელაკი, მ. _eრედაქტორი. _923514 |
||
| 942 |
_2udc _cᲬᲘᲒᲜᲘ |
||